000 00320nam a2200121Ia 4500
008 220204s9999 xx 000 0 und d
082 _a002.60625
_bKAS
100 _aKasner, Erick
245 0 _aEssentials of engineering economics
260 _aNew York
_bMcGraw Hill
_c1979
650 _aEngineering economy
942 _cBK
999 _c34706
_d34706